Central Library OPAC University of Rajshahi

Comparative politics of the Third World : (Record no. 58008)

MARC details
000 -LEADER
fixed length control field 00909nam a2200253 a 4500
001 - CONTROL NUMBER
control field 58008
003 - CONTROL NUMBER IDENTIFIER
rucl marc code BD-RjUL
005 - DATE AND TIME OF LATEST TRANSACTION
control field 20211209080558.0
008 - FIXED-LENGTH DATA ELEMENTS--GENERAL INFORMATION
fixed length control field 161212s2004 enkab 001 0 eng d
020 ## - INTERNATIONAL STANDARD BOOK NUMBER
International Standard Book Number 8176498645
035 ## - SYSTEM CONTROL NUMBER
System control number (BD-RjUL)58132
040 ## - CATALOGING SOURCE
Original cataloging agency DLC
Transcribing agency DLC
Language of cataloging eng
Modifying agency BD-RjUL
041 ## - LANGUAGE CODE
Language code of text/sound track or separate title eng
082 0# - DEWEY DECIMAL CLASSIFICATION NUMBER
Classification number 320.3091724
Edition number 23
Author mark and year GRC 2004
100 1# - MAIN ENTRY--PERSONAL NAME
Personal name Green, December.
9 (RLIN) 172220
245 10 - TITLE STATEMENT
Title Comparative politics of the Third World :
Remainder of title linking concepts and cases /
Statement of responsibility, etc. December Green and Laura Luehrmann.
260 ## - PUBLICATION, DISTRIBUTION, ETC. (IMPRINT)
Place of publication, distribution, etc. Boulder ;
-- London :
Name of publisher, distributor, etc. Lynne Rienner,
Date of publication, distribution, etc. 2004.
300 ## - PHYSICAL DESCRIPTION
Pagination xii, 538 p. :
Illustrations ill., maps ;
Size 26 cm.
504 ## - BIBLIOGRAPHY, ETC. NOTE
Bibliography, etc Includes bibliographical references and index.
651 #0 - SUBJECT ADDED ENTRY--GEOGRAPHIC NAME
Geographic name Developing countries
General subdivision Politics and government
Form subdivision Case studies.
9 (RLIN) 172221
Geographic name Developing countries
General subdivision Economic policy
Form subdivision Case studies.
9 (RLIN) 172222
700 1# - ADDED ENTRY--PERSONAL NAME
Personal name Luehrmann, Laura,
Dates associated with a name 1969-
942 ## - ADDED ENTRY ELEMENTS (KOHA)
Source of classification or shelving scheme Dewey Decimal Classification
Koha item type Books
Holdings
Lost status Source of classification or shelving scheme Damaged status Not for loan Collection code Permanent Location Current Location Shelving location Date acquired Source of acquisition Cost, normal purchase price Total Checkouts Full call number Date last seen Copy number Koha item type
  Dewey Decimal Classification   Not For Loan Non-fiction Central Library, University of Rajshahi Central Library, University of Rajshahi Reading Room 09/08/2007 Zeitlinger 495.00   320.3091724 GRC 2004 12/12/2016 C-1 Books